| 000 | 01066nac a22002651u 4500 | ||
|---|---|---|---|
| 008 | 160926b xxu||||| |||| 00| 0 eng d | ||
| 010 | _a2003265248 | ||
| 020 | _a0071393072 | ||
| 082 | 0 | 4 |
_a621.3815 _bNAH _222 |
| 100 | 1 |
_aNahvi, Mahmood. _941236 |
|
| 245 | 1 | 0 |
_aSchaum's outline of theory and problems of electric circuits / _cMahmood Nahvi, Joseph A. Edminister. |
| 246 | 3 | _aTheory and problems of electric circuits | |
| 250 | _a4th ed. | ||
| 260 |
_aNew York : _bMcGraw-Hill,2003 _cc2003. |
||
| 300 |
_aix, 469 p. : _bill. ; _c28 cm. |
||
| 490 | 0 | _aSchaum's outline series | |
| 500 | _aEdminister's name appears first on the earlier ed. | ||
| 500 | _aIncludes index. | ||
| 650 | 0 |
_aElectric circuits _vProblems, exercises, etc. _2BUEsh _941237 |
|
| 651 | _2BUEsh | ||
| 700 | 1 |
_aEdminister, Joseph. _938618 |
|
| 856 | 4 | 2 |
_3Contributor biographical information _uhttp://www.loc.gov/catdir/bios/mh041/2003265248.html |
| 856 | 4 | 2 |
_3Publisher description _uhttp://www.loc.gov/catdir/description/mh031/2003265248.html |
| 942 |
_cNB _k621.3815N154 _2ddc |
||
| 999 |
_c1558 _d1558 |
||